Lexikón udalostí slovenského múzejníctva v 20. storočí I . (1900-1960)

Bibliographic Details
Main Authors: Palárik, Miroslav, 1980- (Author), Prelovská, Daniela (Author)
Format: Book
Language:Slovak
PhysicalDescription:186 s. 21 cm
Published: Nitra Univerzita Konštantína Filozofa 2015
ISBN:9788055809205
Edition:1. vyd.
Subjects:

MARC

LEADER 00000cam a2200000 a 4500
001 vtls011469186
003 SK-MaSNL
005 20260426002913.0
008 240318s2015 xo g en 000 0 slo
015 |a SNBA2016/04 
020 |a 9788055809205  |q (brož.) 
035 |a urn:nbn:sk:snk-am00avyx 
035 |a urn:nbn:sk:snk-am3h8w1 
035 |a 82EA0018-CBA1-4DF2-9639-E29B67DEEB0F 
040 |a SNK  |b slo  |c SNK  |e AACR2 
041 0 |a slo 
043 |a e-xo--- 
044 |a xo  |c SK 
072 7 |a 069  |x Múzeá. Muzeológia. Múzejníctvo. Výstavy  |2 konspekt 
080 |a 069  |2 2011 
080 |a (437.6)  |2 2011 
080 |a (031)  |2 2011 
080 |a 069(091)  |2 2011 
100 1 |a Palárik, Miroslav,  |d 1980-  |4 aut  |9 198031 
245 1 0 |a Lexikón udalostí slovenského múzejníctva v 20. storočí I .  |b (1900-1960)  |c [Miroslav Palárik, Daniela Prelovská] 
250 |a 1. vyd. 
260 |a Nitra  |b Univerzita Konštantína Filozofa  |c 2015 
300 |a 186 s.  |c 21 cm 
366 |e 150 výt. 
500 |a Publikácia je výstupom projektu VEGA č. 1/0437/13: Strategické udalosti slovenského múzejníctva v 20. storočí 
504 |a Bibliogr.: s. 182-186 
648 7 |a 20. stor.  |2 SNKPH  |9 275975 
648 7 |a 1900-1960  |2 SNKPH  |9 556706 
648 7 |a 20th century  |2 SNKPHeng  |9 277995 
650 0 7 |a múzejníctvo  |2 SNKPH  |9 20819 
650 0 7 |a Museum management  |2 SNKPHeng  |9 266374 
650 0 7 |a dejiny múzeí  |2 SNKPH  |9 117809 
650 0 7 |a History of museums  |2 SNKPHeng  |9 343426 
651 7 |a Slovensko  |2 SNKPH  |9 14231 
651 7 |a Slovakia  |2 SNKPHeng  |9 92630 
655 7 |a lexikóny  |2 SNKPH  |9 70702 
655 7 |a Lexicons  |2 SNKPHeng  |9 286185 
700 1 |a Prelovská, Daniela  |4 aut  |9 9449 
852 |a Štátna vedecká knižnica v Banskej Bystrici 
919 |a 978-80-558-0920-5 
958 |a NB 
999 |c 930367  |d 932297 
952 |a SNK  |b SNK  |y PREZ  |7 0  |p 17A1183007  |o snkSC 168779  |i snk2016/7404  |8 0  |0 0  |1 0  |4 0  |d 2016-03-16  |f 1  |l 0  |r 2026-02-24 08:46:21  |w 2026-02-24 
952 |a SNK  |b SNK  |y VYP  |7 0  |p 17A1183008  |o snkSC 168779 D1  |i snk2016/7405  |8 0  |0 0  |1 0  |4 0  |d 2016-03-16  |l 0  |r 2026-02-24 08:46:21  |w 2026-02-24